[Event "Mersin op 2nd"]
[White "Valansi, Avram Alber"]
[Black "Caputcuoglu, Zeki Berke"]
[Site "Mersin"]
[Round "5"]
[Result "1-0"]
[Date "2017.10.25"]
[WhiteElo "1876"]
[BlackElo "1840"]
[PlyCount "59"]
[EventDate "2017.10.22"]
[EventType "swiss"]
[EventRounds "9"]
[EventCountry "TUR"]
[SourceTitle "CBM 181 Extra"]
[Source "ChessBase"]
[SourceDate "2017.12.12"]
[SourceVersion "1"]
[SourceVersionDate "2017.12.12"]
[SourceQuality "1"]

1. d4 Nf6 2. Nf3 e6 3. g3 d5 4. Bg2 Bd6 5. 0-0 0-0 6. c4 c6 7. Qc2 Nbd7 8. Nbd2 Qe7 9. e4 dxe4 10. Nxe4 Bc7 11. Re1 c5 12. Nxc5 Nxc5 13. dxc5 Qxc5 14. Be3 Qh5 15. Bd4 Nd7 16. Qc3 Qh6 17. Rad1 a5 18. b3 Ra6 19. a3 f6 20. Be3 Qg6 21. c5 Ne5 22. Nd4 Rd8 23. Nb5 Qf7 24. Bf4 Rxd1 25. Rxd1 g5 26. Nxc7 Qxc7 27. Bxe5 fxe5 28. Re1 h6 29. Rxe5 b6 30. c6 1-0

[Event "Mersin op 2nd"]
[White "Gunduz, Umut Erdem"]
[Black "Valansi, Avram Alber"]
[Site "Mersin"]
[Round "2"]
[Result "1-0"]
[Date "2017.10.23"]
[WhiteElo "2130"]
[BlackElo "1876"]
[PlyCount "85"]
[EventDate "2017.10.22"]
[EventType "swiss"]
[EventRounds "9"]
[EventCountry "TUR"]
[SourceTitle "CBM 181 Extra"]
[Source "ChessBase"]
[SourceDate "2017.12.12"]
[SourceVersion "1"]
[SourceVersionDate "2017.12.12"]
[SourceQuality "1"]

1. e4 c5 2. Nf3 e6 3. d4 cxd4 4. Nxd4 a6 5. c4 Nf6 6. Nc3 Qc7 7. a3 b6 8. Be3 Bb7 9. f3 d6 10. Be2 Nbd7 11. 0-0 Be7 12. Qd2 Rc8 13. Rfc1 0-0 14. b4 Qb8 15. Kh1 Bd8 16. Rc2 Bc7 17. Bg1 Rfe8 18. a4 Qa8 19. Bf1 d5 20. exd5 exd5 21. cxd5 Nxd5 22. Nxd5 Bxd5 23. Rac1 Be5 24. Rxc8 Rxc8 25. Rxc8+ Qxc8 26. Nf5 Bc3 27. Qxd5 Bxb4 28. Qd4 Bf8 29. Qxg7+ Bxg7 30. Ne7+ Kf8 31. Nxc8 a5 32. Bb5 Nc5 33. Nxb6 Nb3 34. Bc4 Nd2 35. Bc5+ Kg8 36. Bd5 Bc3 37. Nc4 Nb3 38. Bb6 Kf8 39. Nd6 Nd2 40. Nb7 Ke7 41. Bxa5 Bxa5 42. Nxa5 f5 43. Nb3 1-0

[Event "Mersin op 1st"]
[White "Valansi, Avram Alber"]
[Black "Yassibag, Ipek Asli"]
[Site "Mersin"]
[Round "9"]
[Result "1-0"]
[Date "2016.10.29"]
[WhiteElo "1986"]
[BlackElo "1868"]
[PlyCount "87"]
[EventDate "2016.10.23"]
[EventType "swiss"]
[EventRounds "9"]
[EventCountry "TUR"]
[SourceTitle "EXT 2018"]
[Source "ChessBase"]
[SourceDate "2017.10.13"]
[SourceVersion "1"]
[SourceVersionDate "2017.10.13"]
[SourceQuality "1"]

1. d4 c5 2. d5 Nf6 3. Nf3 d6 4. c4 b5 5. cxb5 a6 6. Nc3 axb5 7. Nxb5 Qa5+ 8. Nc3 Ba6 9. Bd2 Nbd7 10. e4 Bxf1 11. Kxf1 g6 12. g3 Bg7 13. Kg2 0-0 14. h3 Rfb8 15. Rb1 c4 16. Qc2 Nc5 17. e5 dxe5 18. Nxe5 Qa6 19. Be3 Nd3 20. Nxd3 cxd3 21. Qd2 Rd8 22. a3 Nxd5 23. Nxd5 Rxd5 24. Rhc1 Rc8 25. Rxc8+ Qxc8 26. Rc1 Qb7 27. Kh2 Qd7 28. b4 h6 29. Rc4 Rh5 30. g4 Be5+ 31. f4 Qxg4 32. Qg2 Qxg2+ 33. Kxg2 Rh4 34. Rc8+ Kg7 35. fxe5 Re4 36. Kf3 Rh4 37. b5 Rxh3+ 38. Ke4 d2 39. Rd8 Rh4+ 40. Kf3 Ra4 41. Rxd2 Rxa3 42. Rb2 Ra8 43. b6 g5 44. b7 1-0

[Event "Mersin op 1st"]
[White "Valansi, Avram Alber"]
[Black "Lomsadze, David"]
[Site "Mersin"]
[Round "4"]
[Result "0-1"]
[Date "2016.10.25"]
[WhiteElo "1986"]
[BlackElo "2350"]
[PlyCount "92"]
[EventDate "2016.10.23"]
[EventType "swiss"]
[EventRounds "9"]
[EventCountry "TUR"]
[SourceTitle "EXT 2018"]
[Source "ChessBase"]
[SourceDate "2017.10.13"]
[SourceVersion "1"]
[SourceVersionDate "2017.10.13"]
[SourceQuality "1"]

1. d4 Nf6 2. Nf3 g6 3. Nbd2 Bg7 4. e4 d6 5. Bd3 0-0 6. 0-0 Nbd7 7. c3 c6 8. a4 Qc7 9. Re1 e5 10. h3 Re8 11. dxe5 dxe5 12. Nc4 Nh5 13. Bf1 Bf8 14. a5 Rb8 15. Bg5 b5 16. axb6 axb6 17. b4 b5 18. Ne3 h6 19. Bh4 Nb6 20. Ng4 Bg7 21. Nd2 Be6 22. Nb3 Na4 23. Re3 f6 24. Rxa4 bxa4 25. Nc5 Rbd8 26. Qxa4 Bf7 27. Rf3 g5 28. Bg3 Ra8 29. Qd1 Red8 30. Rd3 Rxd3 31. Qxd3 Qd8 32. Qc2 Nf4 33. Ne3 Ra2 34. Qb1 Bf8 35. c4 Ra7 36. Nf5 Qd2 37. Bxf4 gxf4 38. Qb3 Ra1 39. Qf3 Qd1 40. Qxd1 Rxd1 41. Kh2 Rxf1 42. Nd7 Be6 43. Nxf6+ Kf7 44. Ng4 Bxf5 45. Nxe5+ Kf6 46. Nxc6 Bxe4 0-1

[Event "Izmir op 10th"]
[White "Olcum, Ahmet"]
[Black "Valansi, Avram Alber"]
[Site "Izmir"]
[Round "5"]
[Result "1/2-1/2"]
[Date "2011.09.04"]
[WhiteElo "1887"]
[BlackElo "2122"]
[PlyCount "119"]
[EventDate "2011.09.01"]
[EventType "swiss"]
[EventRounds "9"]
[EventCountry "TUR"]
[SourceTitle "CBM 144 Extra"]
[Source "ChessBase"]
[SourceDate "2011.10.28"]
[SourceVersion "1"]
[SourceVersionDate "2011.10.28"]
[SourceQuality "1"]

1. Nf3 Nf6 2. b4 e6 3. b5 c5 4. e3 a6 5. Bb2 Be7 6. a4 axb5 7. Bxb5 0-0 8. d4 b6 9. 0-0 Bb7 10. Nbd2 cxd4 11. exd4 Nc6 12. Re1 d6 13. Nf1 Na5 14. Bd3 Rc8 15. Qe2 Nd5 16. Qd2 Nc4 17. Bxc4 Rxc4 18. Ne3 Nxe3 19. Rxe3 Qc7 20. Rc3 Bxf3 21. gxf3 Rc8 22. Raa3 d5 23. Rab3 Bd6 24. h3 Bf4 25. Qd3 h5 26. Kg2 h4 27. Ra3 Qe7 28. Rxc4 Rxc4 29. a5 bxa5 30. Rxa5 Qg5+ 31. Kf1 Rc8 32. Ba3 Bc1 33. Bb4 Qf4 34. Kg2 Rb8 35. c3 Qd2 36. Qxd2 Bxd2 37. Rc5 g5 38. Kf1 Kg7 39. Ke2 Bf4 40. Ra5 Rb7 41. Ra6 Kg6 42. Kd3 Kf5 43. Ra4 Rb6 44. Ra7 f6 45. Ra5 Rc6 46. Ke2 Kg6 47. Kd3 f5 48. Be7 Rb6 49. Kc2 Bd6 50. Bxd6 Rxd6 51. Ra8 Rd7 52. Re8 Kf6 53. Rg8 Rg7 54. Rf8+ Ke7 55. Rh8 Kf6 56. Rh6+ Rg6 57. Rh7 e5 58. Kd2 exd4 59. cxd4 Rg7 60. Rh6+ 1/2-1/2

[Event "Izmir op"]
[White "Erturan, Yakup"]
[Black "Valansi, Avram Alber"]
[Site "Izmir"]
[Round "5"]
[Result "1-0"]
[Date "2007.09.13"]
[WhiteElo "2389"]
[BlackElo "2144"]
[PlyCount "43"]
[EventDate "2007.09.09"]
[EventType "swiss"]
[EventRounds "9"]
[EventCountry "TUR"]
[SourceTitle "CBM 120 Extra"]
[Source "ChessBase"]
[SourceDate "2007.11.01"]
[SourceVersion "1"]
[SourceVersionDate "2007.11.01"]
[SourceQuality "1"]

1. e4 c5 2. Nf3 d6 3. d4 cxd4 4. Nxd4 Nf6 5. Nc3 g6 6. g3 Nc6 7. Nde2 Bg7 8. Bg2 0-0 9. 0-0 Rb8 10. a4 a6 11. h3 b5 12. axb5 axb5 13. Be3 b4 14. Nd5 e6 15. Nxf6+ Bxf6 16. Qc1 Bb7 17. Rd1 Qc7 18. c3 bxc3 19. Nxc3 Na5 20. Nd5 Qxc1 21. Nxf6+ Kg7 22. Rdxc1 1-0

[Event "Izmir op 5th"]
[White "Vonthron, Horst"]
[Black "Valansi, Avram Alber"]
[Site "Izmir"]
[Round "8"]
[Result "1/2-1/2"]
[Date "2006.08.17"]
[WhiteElo "2310"]
[BlackElo "2123"]
[PlyCount "101"]
[EventDate "2006.09.10"]
[EventType "swiss"]
[EventRounds "10"]
[EventCountry "TUR"]
[SourceTitle "EXT 2007"]
[Source "ChessBase"]
[SourceDate "2006.11.23"]
[SourceVersion "1"]
[SourceVersionDate "2006.11.23"]
[SourceQuality "1"]

1. e4 c5 2. Nf3 e6 3. d4 cxd4 4. Nxd4 a6 5. Nc3 b5 6. Be2 Bb7 7. Bf3 Qc7 8. 0-0 b4 9. Na4 Nc6 10. Be3 Ne5 11. c3 bxc3 12. Rc1 Nf6 13. Rxc3 Qa5 14. Qb3 Rb8 15. Rfc1 Bd6 16. Nc5 Nxf3+ 17. gxf3 Bxe4 18. fxe4 Rxb3 19. Ndxb3 Qb5 20. Nd4 Qxb2 21. Nd3 Qxa2 22. Rc8+ Ke7 23. Rxh8 Nxe4 24. Rxh7 g5 25. h4 g4 26. Rg7 g3 27. Rg4 gxf2+ 28. Nxf2 Nxf2 29. Bxf2 Be5 30. Nf3 Bf6 31. Rf1 a5 32. Ng5 Qe2 33. Rg2 Qh5 34. Ne4 Be5 35. Rg5 Qh8 36. Bc5+ d6 37. Bf2 Bd4 38. Rg2 Bxf2+ 39. Rfxf2 f5 40. Ng3 Qxh4 41. Rxf5 Qd4+ 42. Rff2 d5 43. Ne2 Qc5 44. Kh2 a4 45. Nf4 Qd4 46. Rf3 e5 47. Rg7+ Kd6 48. Rg6+ Ke7 49. Rg7+ Kd6 50. Rg6+ Ke7 51. Rg7+ 1/2-1/2

[Event "Izmir op 5th"]
[White "Valansi, Avram Alber"]
[Black "Tikir, Hazal"]
[Site "Izmir"]
[Round "3"]
[Result "1-0"]
[Date "2006.08.12"]
[WhiteElo "2123"]
[BlackElo "1635"]
[PlyCount "59"]
[EventDate "2006.09.10"]
[EventType "swiss"]
[EventRounds "10"]
[EventCountry "TUR"]
[SourceTitle "EXT 2007"]
[Source "ChessBase"]
[SourceDate "2006.11.23"]
[SourceVersion "1"]
[SourceVersionDate "2006.11.23"]
[SourceQuality "1"]

1. c4 c5 2. Nc3 Nf6 3. g3 e5 4. Bg2 d6 5. d3 h6 6. a3 Be7 7. b4 Nbd7 8. Rb1 Qc7 9. Nf3 Qd8 10. 0-0 Rb8 11. Nh4 0-0 12. Nf5 Nb6 13. Nxe7+ Qxe7 14. e4 Nbd7 15. f4 b6 16. f5 a6 17. g4 Nh7 18. Qe1 Bb7 19. h4 Rfe8 20. Bf3 Qd8 21. Rb2 cxb4 22. axb4 a5 23. bxa5 bxa5 24. Rg2 Nc5 25. Be2 Ra8 26. g5 h5 27. g6 Nf6 28. Qg3 fxg6 29. Qxg6 Qc7 30. Qxf6 1-0